Stopy v lese /

Main Author: Stanev, Emilijan, 1907-1979
Other Authors: Urbanová, Věra
Language: Czech
Published: Praha : Svoboda, 1973
Edition: 1. vyd.
Series: Omnia (Svoboda)
Online Access: Digitalizovaný dokument
Physical Description: 196 s.
Book
Saved in:
LEADER 01049nam a22003012a 4500
001 000126215
003 CZ BrMZK
005 20121121140103.0
007 ta
008 950101s1973 xr f cze d
015 |a cnb000440723 
035 |a (OCoLC)42169753 
040 |a ABA001  |b cze  |c OSA001  |d ABA001  |d BOA001 
041 1 |a cze  |h bul 
080 |a 886.7-321.2:591.5  |2 undef 
100 1 |a Stanev, Emilijan,  |d 1907-1979  |7 js20020925043  |4 aut 
245 1 0 |a Stopy v lese /  |c Emilijan Stanev ; z bulharských originálů sestavila a přeložila Věra Urbanová 
250 |a 1. vyd. 
260 |a Praha :  |b Svoboda,  |c 1973 
300 |a 196 s. 
490 1 |a Omnia 
700 1 |a Urbanová, Věra  |7 jk01140897  |4 com  |4 trl 
830 0 |a Omnia (Svoboda)  |0 s 
856 4 1 |u http://www.digitalniknihovna.cz/mzk/uuid/uuid:43763f20-cb72-11e3-aec3-005056827e52  |y Digitalizovaný dokument  |x NDK 
910 |a BOA001  |b 2-0707.497 
990 |a BK 
995 |a 01 
996 7 |b 2619972623  |c 2-0707.497  |l Sklad H1  |r Sklad / do 24 hodin  |n 3  |h HS212  |w 000126215  |u 000010  |a 1  |e BOA001  |j MZK50  |s A